[Event "4NCL Division 1a"]
[Site "Hinckley Island ENG"]
[Date "2014.01.11"]
[Round "3.138"]
[White "Maduekwe, Chiedu U"]
[Black "Foster, Chantelle L"]
[Result "0-1"]
[WhiteElo "2136"]
[BlackElo "1879"]
[PlyCount "245"]
[EventDate "2014.01.11"]
[WhiteTeam "Wood Green HK 2"]
[BlackTeam "Oxford 1"]

1. d4 d5 2. c4 c6 3. Nf3 Nf6 4. Nc3 dxc4 5. a4 Bf5 6. e3 e6 7. Bxc4 Nbd7 8. O-O
Be7 9. Qe2 Bg6 10. e4 O-O 11. Rd1 Qc7 12. Bg5 Rfe8 13. Rac1 Rad8 14. e5 Ng4 15.
Ne4 Nb6 16. Nd6 Rf8 17. Bb3 Nc8 18. Ne4 Qb6 19. Rc3 Bf5 20. Bxe7 Nxe7 21. Nd6
Nh6 22. Bc4 Qc7 23. h3 Bg6 24. g4 Kh8 25. b4 Nc8 26. Ne4 Qb8 27. b5 cxb5 28.
Bxb5 Nb6 29. Nd6 a6 30. Bc4 Nxa4 31. Rb3 b5 32. Ra1 Qa8 33. Bd3 Qc6 34. Bxg6
hxg6 35. Ng5 Qd5 36. Qd3 Rd7 37. Rba3 f5 38. f3 Nb2 39. Qd2 Nc4 40. Nxc4 Qxc4
41. Rxa6 Re8 42. Rd6 Rde7 43. Raa6 Nf7 44. Rac6 Qb3 45. Nxf7+ Rxf7 46. Rc3 Qa4
47. Qc2 Qa5 48. Qb3 fxg4 49. hxg4 b4 50. Rc1 Qa3 51. Qxa3 bxa3 52. Kg2 Ra7 53.
Ra1 Rb8 54. Ra2 Kg8 55. Rxe6 Rb3 56. Re8+ Kf7 57. Rd8 Ke7 58. Rd6 Kf7 59. d5
Rab7 60. Kg3 Rc7 61. Rc6 Ra7 62. Rc4 Rd3 63. d6 Ke6 64. Rc7 Rxc7 65. dxc7 Rc3
66. Rxa3 Rxc7 67. f4 Rb7 68. Kh4 Kd5 69. Re3 Re7 70. Kg5 Re6 71. Rd3+ Ke4 72.
Rd6 Re7 73. Rxg6 Rf7 74. e6 Re7 75. f5 Ke5 76. Kh4 Kf4 77. Kh3 Kf3 78. Kh2 Kf4
79. Rxg7 Rxg7 80. f6 Rh7+ 81. Kg2 Kxg4 82. f7 Kf5 83. e7 Rxf7 84. e8=Q Rf6 85.
Kg3 Re6 86. Qh5+ Ke4 87. Qc5 Re5 88. Qc4+ Kf5 89. Kf3 Kf6 90. Kg4 Rg5+ 91. Kh4
Re5 92. Qf4+ Ke6 93. Kg4 Kd5 94. Qd2+ Ke6 95. Qd3 Rd5 96. Qe3+ Kd6 97. Kf4 Rc5
98. Qd4+ Kc6 99. Ke4 Kb5 100. Qd3+ Kb4 101. Kd4 Rb5 102. Qc3+ Ka4 103. Qa1+ Kb4
104. Qa2 Rb6 105. Qb2+ Ka5 106. Qa3+ Kb5 107. Kd5 Rb7 108. Qb3+ Ka6 109. Qa4+
Kb6 110. Kd6 Rb8 111. Qb4+ Ka7 112. Qa5+ Kb7 113. Kd7 Rh8 114. Qd5+ Ka6 115.
Qd3+ Kb7 116. Qb3+ Ka6 117. Qa3+ Kb6 118. Qb2+ Ka7 119. Qxh8 Kb6 120. Qc3 Kb7
121. Qb4+ Ka7 122. Kc6 Ka8 123. Qb7# 0-1

[Event "4NCL Division 1a"]
[Site "Hinckley Island ENG"]
[Date "2014.01.11"]
[Round "3.141"]
[White "Hawkins, Jonathan"]
[Black "Snuverink, Jochem"]
[Result "1-0"]
[WhiteElo "2510"]
[BlackElo "2353"]
[PlyCount "97"]
[EventDate "2014.01.11"]
[WhiteTeam "Cheddleton 1"]
[BlackTeam "Kings Head 1"]

1. d4 Nf6 2. c4 e6 3. Nc3 Bb4 4. e3 O-O 5. Bd3 d5 6. Nf3 c5 7. O-O dxc4 8. Bxc4
Nbd7 9. Qe2 b6 10. Rd1 Bb7 11. d5 Bxc3 12. dxe6 Bxf3 13. Qxf3 Ne5 14. Qe2 Qe7
15. exf7+ Kh8 16. bxc3 Ne4 17. Bb2 Nxf2 18. Rf1 Nxc4 19. Qxc4 Ne4 20. Rf4 Nd6
21. Qd3 Nxf7 22. Raf1 Nh6 23. Rxf8+ Rxf8 24. Rxf8+ Qxf8 25. h3 Qf5 26. e4 Qe5
27. Qd5 Qg3 28. Qa8+ Ng8 29. c4 a6 30. Qf8 h6 31. Qf5 b5 32. Qxc5 Qe1+ 33. Kh2
Qxe4 34. cxb5 Qf4+ 35. Kg1 axb5 36. Qxb5 Qe3+ 37. Kh2 Qf4+ 38. Kh1 Nf6 39. a4
Ne4 40. Qe5 Qf1+ 41. Kh2 Nf6 42. a5 Kh7 43. Qe7 Kh8 44. Qd6 Qf2 45. Bxf6 gxf6
46. Qb8+ Kh7 47. a6 f5 48. Qc7+ Kg6 49. Qg3+ 1-0

[Event "4NCL Division 1a"]
[Site "Hinckley Island ENG"]
[Date "2014.01.11"]
[Round "3.142"]
[White "McMichael, Richard J"]
[Black "Eggleston, David J"]
[Result "0-1"]
[WhiteElo "2216"]
[BlackElo "2434"]
[PlyCount "118"]
[EventDate "2014.01.11"]
[WhiteTeam "Kings Head 1"]
[BlackTeam "Cheddleton 1"]

1. b3 b6 2. Bb2 Bb7 3. e3 Nf6 4. f4 g6 5. Nf3 Bg7 6. c4 d6 7. Nc3 Nbd7 8. Be2
e5 9. f5 e4 10. Nd4 c5 11. Nc2 Ne5 12. O-O Qd7 13. d4 exd3 14. Bxd3 O-O 15. e4
Nxd3 16. Qxd3 Nxe4 17. Nxe4 Bxe4 18. Qxe4 Bxb2 19. Rad1 Rae8 20. Qd3 Be5 21.
Kh1 Qe7 22. Qf3 Qh4 23. g3 Qh5 24. Qxh5 gxh5 25. Kg2 Kg7 26. Rd3 a6 27. a4 f6
28. Kh3 Rb8 29. Kh4 Kh6 30. Ne3 Rg8 31. Rf3 b5 32. axb5 axb5 33. cxb5 Rxb5 34.
Nc4 Rg4+ 35. Kh3 Rd4 36. Rxd4 cxd4 37. Kg2 Kg7 38. Nd2 Rc5 39. Kf2 h4 40. gxh4
Bxh2 41. Ke2 Be5 42. Rd3 Rb5 43. Nf3 Rb4 44. Ne1 Rb5 45. Nc2 Rd5 46. Kf3 Rb5
47. Ke4 d5+ 48. Kf3 Kh6 49. Kg4 Rb8 50. Ne1 Rc8 51. Kf3 Kh5 52. Ng2 Rc1 53.
Nf4+ Kxh4 54. Nxd5 Kg5 55. Ke2 Kxf5 56. Rh3 Rb1 57. Ne7+ Ke4 58. Rh4+ Bf4 59.
Nd5 d3+ 0-1

[Event "4NCL Division 1a"]
[Site "Hinckley Island ENG"]
[Date "2014.01.11"]
[Round "3.143"]
[White "Shytaj, Luca"]
[Black "Kwiatkowski, Feliks J"]
[Result "0-1"]
[WhiteElo "2461"]
[BlackElo "2215"]
[PlyCount "86"]
[EventDate "2014.01.11"]
[WhiteTeam "Cheddleton 1"]
[BlackTeam "Kings Head 1"]

1. d4 Nf6 2. Bg5 e6 3. e4 h6 4. Bxf6 Qxf6 5. Nc3 Bb4 6. Qd2 d6 7. Nge2 e5 8. a3
Ba5 9. b4 Bb6 10. Nd5 Qd8 11. a4 c6 12. Nxb6 axb6 13. Nc3 Nd7 14. Rd1 O-O 15.
Be2 Qg5 16. O-O Qxd2 17. Rxd2 Nf6 18. f4 Re8 19. h3 Kf8 20. dxe5 dxe5 21. f5
Ke7 22. Rfd1 Bd7 23. Kf2 Red8 24. Ke3 Be8 25. h4 Rxd2 26. Rxd2 Rd8 27. Rxd8
Kxd8 28. Nb1 Nd7 29. Nd2 f6 30. Bc4 Kc7 31. g4 Nb8 32. g5 hxg5 33. hxg5 Na6 34.
Bxa6 bxa6 35. g6 a5 36. c3 b5 37. bxa5 bxa4 38. Kd3 c5 39. Nf3 Bb5+ 40. c4 a3
41. Nd2 a2 42. Nb3 Ba4 43. Na1 Kb7 0-1

[Event "4NCL Division 1a"]
[Site "Hinckley Island ENG"]
[Date "2014.01.11"]
[Round "3.144"]
[White "Guthrie, David W"]
[Black "Hamitevici, Vladimir"]
[Result "1/2-1/2"]
[WhiteElo "2230"]
[BlackElo "2476"]
[PlyCount "43"]
[EventDate "2014.01.11"]
[WhiteTeam "Kings Head 1"]
[BlackTeam "Cheddleton 1"]

1. d4 Nf6 2. c4 e6 3. Nc3 Bb4 4. e3 O-O 5. Nge2 Re8 6. a3 Bf8 7. d5 a5 8. Ng3
Na6 9. Bd3 c6 10. O-O exd5 11. cxd5 b5 12. e4 Bb7 13. Bf4 b4 14. dxc6 dxc6 15.
Na4 Nd7 16. axb4 axb4 17. Bc4 g6 18. Re1 Nc7 19. Qb3 Ne6 20. Be3 Qc7 21. Rad1
Bc8 22. f4 1/2-1/2

[Event "4NCL Division 1a"]
[Site "Hinckley Island ENG"]
[Date "2014.01.11"]
[Round "3.145"]
[White "Williams, Simon K"]
[Black "Spivack, Simon SY"]
[Result "1-0"]
[WhiteElo "2449"]
[BlackElo "2197"]
[PlyCount "75"]
[EventDate "2014.01.11"]
[WhiteTeam "Cheddleton 1"]
[BlackTeam "Kings Head 1"]

1. b3 e5 2. Bb2 Nc6 3. e3 Nf6 4. Bb5 Bd6 5. g4 a6 6. Bf1 Be7 7. g5 Ne4 8. h4 h6
9. d3 Nd6 10. Bg2 hxg5 11. hxg5 Rxh1 12. Bxh1 Bxg5 13. Qh5 Bh6 14. Nc3 Nb5 15.
Nd5 d6 16. a4 Nba7 17. Ne2 Ne7 18. Nf6+ Kf8 19. Ng3 c6 20. Nge4 Nd5 21. Nxd5
cxd5 22. Nxd6 Be6 23. Nxb7 Qb6 24. Nc5 Rc8 25. Nxe6+ fxe6 26. a5 Qb4+ 27. Kd1
Kg8 28. Qxe5 Qg4+ 29. Kd2 Nb5 30. Ra4 Qh3 31. Rh4 Qxh4 32. Qxe6+ Kf8 33. Qxc8+
Ke7 34. Qb7+ Kf8 35. Qb8+ Ke7 36. Qe5+ Kf8 37. Qb8+ Ke7 38. Qe5+ 1-0

[Event "4NCL Division 1a"]
[Site "Hinckley Island ENG"]
[Date "2014.01.11"]
[Round "3.146"]
[White "Wittmann, Jochen"]
[Black "Paehtz, Elisabeth"]
[Result "0-1"]
[WhiteElo "2130"]
[BlackElo "2458"]
[PlyCount "42"]
[EventDate "2014.01.11"]
[WhiteTeam "Kings Head 1"]
[BlackTeam "Cheddleton 1"]

1. f4 d5 2. Nf3 g6 3. g3 Bg7 4. Bg2 Nh6 5. d3 d4 6. c3 c5 7. e4 dxe3 8. Bxe3
Nd7 9. d4 Qc7 10. O-O Ng4 11. Re1 O-O 12. Nbd2 Nxe3 13. Rxe3 cxd4 14. Nxd4 e5
15. fxe5 Nxe5 16. N2f3 Bg4 17. Qe1 Nc4 18. Re7 Qb6 19. b3 Nd6 20. Qf2 Rac8 21.
c4 Bxf3 0-1

[Event "4NCL Division 1a"]
[Site "Hinckley Island ENG"]
[Date "2014.01.11"]
[Round "3.147"]
[White "Arkell, Keith CC"]
[Black "Mackenzie, Colin"]
[Result "1-0"]
[WhiteElo "2444"]
[BlackElo "2095"]
[PlyCount "43"]
[EventDate "2014.01.11"]
[WhiteTeam "Cheddleton 1"]
[BlackTeam "Kings Head 1"]

1. d4 e6 2. c4 Nf6 3. Nf3 b6 4. a3 d5 5. cxd5 exd5 6. Nc3 Be7 7. Bg5 O-O 8. e3
c5 9. Be2 Bb7 10. O-O Nbd7 11. Ne5 cxd4 12. Nxd7 Qxd7 13. Qxd4 Qf5 14. Qf4 Qxf4
15. Bxf4 Ne4 16. Be5 Rfd8 17. Rfd1 Nxc3 18. Bxc3 Rac8 19. Bf3 b5 20. Rac1 Bc5
21. Ba5 Re8 22. Bg4 1-0

[Event "4NCL Division 1a"]
[Site "Hinckley Island ENG"]
[Date "2014.01.11"]
[Round "3.148"]
[White "Needham, Sabrina"]
[Black "Steil-Antoni, Fiona"]
[Result "0-1"]
[WhiteElo "1756"]
[BlackElo "2177"]
[PlyCount "44"]
[EventDate "2014.01.11"]
[WhiteTeam "Kings Head 1"]
[BlackTeam "Cheddleton 1"]

1. d4 d5 2. Nf3 Nf6 3. Bf4 c5 4. c3 Nc6 5. e3 e6 6. Bd3 Be7 7. O-O Nh5 8. Re1
Nxf4 9. exf4 cxd4 10. cxd4 Qb6 11. Nc3 Bd7 12. Bb5 a6 13. Ba4 Qxb2 14. Re3 Qb6
15. Rb1 Qc7 16. Qe1 b5 17. Bb3 Qxf4 18. Nxd5 exd5 19. Rxe7+ Nxe7 20. Bxd5 Ra7
21. Rb3 O-O 22. Qxe7 Be6 0-1